[Event "Oberliga Nord W 1314"]
[Site "Germany"]
[Date "2013.12.15"]
[Round "4.4"]
[White "Nimtz, Manfred"]
[Black "Bauer, Reinhard"]
[Result "1/2-1/2"]
[WhiteElo "2223"]
[BlackElo "2249"]
[PlyCount "22"]
[EventDate "2013.10.13"]
[EventType "team-tourn"]
[EventRounds "9"]
[EventCountry "GER"]
[SourceTitle "EXT 2015"]
[Source "ChessBase"]
[SourceDate "2014.11.20"]
[SourceVersion "1"]
[SourceVersionDate "2014.11.20"]
[SourceQuality "1"]
[WhiteTeam "Braunschweig"]
[BlackTeam "Hameln"]
[WhiteTeamCountry "GER"]
[BlackTeamCountry "GER"]

1. Nf3 d5 2. g3 Nf6 3. Bg2 e6 4. 0-0 Be7 5. d4 0-0 6. b3 b6 7. c4 Bb7 8. Bb2 Nbd7 9. Nbd2 c5 10. cxd5 Bxd5 11. Rc1 Rc8 1/2-1/2

[Event "Oberliga Nord W 1112"]
[Site "Germany"]
[Date "2011.11.20"]
[Round "3.5"]
[White "Bauer, Reinhard"]
[Black "Zeltwanger, Andre"]
[Result "1-0"]
[WhiteElo "2247"]
[BlackElo "2241"]
[PlyCount "65"]
[EventDate "2011.10.02"]
[EventType "team-tourn"]
[EventRounds "9"]
[EventCountry "GER"]
[SourceTitle "EXT 2013"]
[Source "ChessBase"]
[SourceDate "2012.11.22"]
[SourceVersion "1"]
[SourceVersionDate "2012.11.22"]
[SourceQuality "1"]
[WhiteTeam "Hameln"]
[BlackTeam "Salzgitter"]
[WhiteTeamCountry "GER"]
[BlackTeamCountry "GER"]

1. d4 Nf6 2. Nc3 d5 3. Bg5 c5 4. e3 Nc6 5. Bxf6 gxf6 6. dxc5 e6 7. a3 Bxc5 8. Nge2 a6 9. Qd2 Bd7 10. Nd4 Rc8 11. Be2 Bxd4 12. exd4 Qb6 13. 0-0-0 Ne7 14. g4 Qd6 15. f4 b5 16. Na2 f5 17. Rhg1 Rg8 18. gxf5 Rxg1 19. Rxg1 Nxf5 20. Kb1 Ne7 21. Nc1 Qb6 22. Nb3 Ng6 23. Bd3 f5 24. Be2 Kf7 25. Bh5 Rg8 26. Nc5 Bc8 27. Nd3 Kf6 28. Qf2 Qd6 29. Ne5 Qf8 30. Bxg6 Qh6 31. Bxh7 Rxg1+ 32. Qxg1 Qxh7 33. Qg5# 1-0

[Event "Oberliga Nord W 1011"]
[Site "Germany"]
[Date "2011.01.16"]
[Round "5.4"]
[White "Kampmann, Heiko"]
[Black "Bauer, Reinhard"]
[Result "0-1"]
[WhiteElo "2205"]
[BlackElo "2246"]
[PlyCount "40"]
[EventDate "2010.10.10"]
[EventType "team-tourn"]
[EventRounds "9"]
[EventCountry "GER"]
[SourceTitle "EXT 2012"]
[Source "ChessBase"]
[SourceDate "2011.11.24"]
[SourceVersion "1"]
[SourceVersionDate "2011.11.24"]
[SourceQuality "1"]
[WhiteTeam "Hannover PSC"]
[BlackTeam "Hameln"]
[WhiteTeamCountry "GER"]
[BlackTeamCountry "GER"]

1. Nf3 d5 2. d3 Nf6 3. Nbd2 c5 4. e4 e6 5. Be2 Be7 6. 0-0 0-0 7. c3 Nc6 8. a3 Qc7 9. b4 a6 10. Bb2 b5 11. Re1 Bb7 12. Bf1 dxe4 13. dxe4 Rfd8 14. Qc2 c4 15. Rad1 Rd7 16. g3 Rad8 17. Bc1 Ng4 18. h3 Nge5 19. Re3 Nxf3+ 20. Rxf3 Bg5 0-1

[Event "Oberliga Nord W 1011"]
[Site "Germany"]
[Date "2010.10.24"]
[Round "2.4"]
[White "Bauer, Reinhard"]
[Black "Bredemeier, Dirk"]
[Result "1/2-1/2"]
[WhiteElo "2246"]
[BlackElo "2247"]
[PlyCount "30"]
[EventDate "2010.10.10"]
[EventType "team-tourn"]
[EventRounds "9"]
[EventCountry "GER"]
[SourceTitle "EXT 2012"]
[Source "ChessBase"]
[SourceDate "2011.11.24"]
[SourceVersion "1"]
[SourceVersionDate "2011.11.24"]
[SourceQuality "1"]
[WhiteTeam "Hameln"]
[BlackTeam "Oldenburg Union"]
[WhiteTeamCountry "GER"]
[BlackTeamCountry "GER"]

1. d4 e6 2. e4 d5 3. Nc3 dxe4 4. Nxe4 Qd5 5. Ng3 c5 6. Nf3 cxd4 7. Qxd4 Qxd4 8. Nxd4 a6 9. Be2 Nf6 10. Bf3 Nbd7 11. 0-0 Ne5 12. Be2 Bd7 13. Rd1 Rc8 14. f4 Nc6 15. Nxc6 Bxc6 1/2-1/2

[Event "Oberliga Nord W 0708"]
[Site "Germany"]
[Date "2007.11.25"]
[Round "3.5"]
[White "Bauer, Reinhard"]
[Black "Schulze, Torben"]
[Result "1/2-1/2"]
[WhiteElo "2242"]
[BlackElo "2205"]
[PlyCount "86"]
[EventDate "2007.10.21"]
[EventType "team-tourn"]
[EventRounds "9"]
[EventCountry "GER"]
[SourceTitle "EXT 2009"]
[Source "ChessBase"]
[SourceDate "2008.11.26"]
[SourceVersion "1"]
[SourceVersionDate "2008.11.26"]
[SourceQuality "1"]
[WhiteTeam "Hameln"]
[BlackTeam "Hannover PSC"]
[WhiteTeamCountry "GER"]
[BlackTeamCountry "GER"]

1. d4 d5 2. Nc3 Bf5 3. Bg5 f6 4. Bh4 Nh6 5. Qd2 Nc6 6. f3 e5 7. e3 exd4 8. exd4 Qd7 9. g4 Be6 10. 0-0-0 0-0-0 11. Bg3 Nf7 12. Nb5 Nd6 13. Bd3 h5 14. g5 Nxb5 15. Bxb5 a6 16. Bxc6 Qxc6 17. gxf6 gxf6 18. Ne2 h4 19. Bf4 Bf5 20. a3 Rg8 21. Rhg1 Be7 22. Rde1 Bd6 23. Bxd6 Qxd6 24. Qf4 Qxf4+ 25. Nxf4 c6 26. Kd2 Rg5 27. Rg2 Rdg8 28. Reg1 h3 29. Rxg5 fxg5 30. Rg3 Kd7 31. b3 Ke7 32. c4 dxc4 33. bxc4 Kf6 34. Nxh3 Rh8 35. Nxg5 Rxh2+ 36. Kc3 Rc2+ 37. Kb4 b5 38. c5 Rc4+ 39. Ka5 Rxd4 40. Kxa6 b4 41. axb4 Rxb4 42. Ne4+ Bxe4 43. fxe4 Rb5 1/2-1/2

[Event "Oberliga Nord W 0506"]
[Site "Germany"]
[Date "2006.03.12"]
[Round "8.5"]
[White "Fehsenfeld, Frithjof"]
[Black "Bauer, Reinhard"]
[Result "1-0"]
[WhiteElo "2075"]
[BlackElo "2270"]
[PlyCount "107"]
[EventDate "2005.10.23"]
[EventType "team-tourn"]
[EventRounds "9"]
[EventCountry "GER"]
[SourceTitle "CBM 111 Extra"]
[Source "ChessBase"]
[SourceDate "2006.05.09"]
[SourceVersion "1"]
[SourceVersionDate "2006.05.09"]
[SourceQuality "1"]
[WhiteTeam "Delmenhorst"]
[BlackTeam "Hameln"]
[WhiteTeamCountry "GER"]
[BlackTeamCountry "GER"]

1. d4 d5 2. c4 e6 3. Nf3 Nf6 4. Bg5 Be7 5. Nc3 Nbd7 6. e3 0-0 7. Qc2 c6 8. cxd5 exd5 9. Bd3 Re8 10. 0-0 h6 11. Bf4 Nf8 12. h3 Ne6 13. Bh2 b6 14. Qa4 b5 15. Qc2 Bb7 16. Rfc1 Rc8 17. Bf5 Bd6 18. Be5 Bxe5 19. Nxe5 Qc7 20. Nd3 Nd7 21. Bxe6 fxe6 22. Ne2 e5 23. Nxe5 Nxe5 24. dxe5 Qxe5 25. b4 Rf8 26. Nd4 Rf6 27. Qd3 Rcf8 28. Rc2 Qg5 29. Rac1 Qh4 30. f4 g5 31. Nxc6 gxf4 32. Ne7+ Kh8 33. Rc7 Qg3 34. Rxb7 f3 35. Qh7+ Kxh7 36. Nf5+ Kh8 37. Nxg3 Rg6 38. Nh5 Rxg2+ 39. Kf1 Rh2 40. Rcc7 Rh1+ 41. Kf2 Rh2+ 42. Kg1 Rg2+ 43. Kf1 a6 44. Rh7+ Kg8 45. Rbg7+ Rxg7 46. Rxg7+ Kh8 47. Ra7 Rf5 48. Nf4 Kg8 49. Kf2 d4 50. Kxf3 dxe3 51. Kxe3 Rf6 52. Ke4 Rc6 53. Ke5 Kf8 54. Ne6+ 1-0

[Event "Oberliga Nord W 0506"]
[Site "Germany"]
[Date "2006.02.19"]
[Round "7.5"]
[White "Bauer, Reinhard"]
[Black "Jahn, Olaf"]
[Result "1-0"]
[WhiteElo "2270"]
[BlackElo "2177"]
[PlyCount "129"]
[EventDate "2005.10.23"]
[EventType "team-tourn"]
[EventRounds "9"]
[EventCountry "GER"]
[SourceTitle "CBM 111 Extra"]
[Source "ChessBase"]
[SourceDate "2006.05.09"]
[SourceVersion "1"]
[SourceVersionDate "2006.05.09"]
[SourceQuality "1"]
[WhiteTeam "Hameln"]
[BlackTeam "Jever"]
[WhiteTeamCountry "GER"]
[BlackTeamCountry "GER"]

1. d4 d5 2. Nc3 Nf6 3. Bg5 Bf5 4. Bxf6 exf6 5. e3 c6 6. Bd3 Qd7 7. Nge2 Bd6 8. e4 dxe4 9. Nxe4 Be7 10. c3 0-0 11. Qc2 Kh8 12. 0-0-0 b5 13. Kb1 a5 14. Rhe1 b4 15. Nc5 Bxd3 16. Qxd3 Qa7 17. Qc4 Bxc5 18. Qxc5 Qxc5 19. dxc5 Na6 20. cxb4 axb4 21. Nd4 Nxc5 22. Nxc6 b3 23. axb3 Nxb3 24. Re3 Nc5 25. Rc1 Ne6 26. b4 Nf4 27. Rb3 Ra6 28. b5 Rb6 29. Ne7 Nxg2 30. Rc8 Rxc8 31. Nxc8 Rb8 32. Nd6 Nf4 33. b6 Ne6 34. b7 Nc5 35. Rc3 Nxb7 36. Rb3 g5 37. Rxb7 Rxb7+ 38. Nxb7 Kg7 39. Kc2 f5 40. Kd3 Kf6 41. Nd6 Ke6 42. Nc4 Kd5 43. f4 h6 44. Ne5 Ke6 45. Ke3 Kf6 46. Kf3 Ke6 47. Ke3 Kf6 48. Nf3 Kg6 49. Nd4 Kf6 50. Kf3 Kg6 51. Kg3 Kf6 52. Nf3 Kg6 53. h4 f6 54. Nd4 Kh5 55. Nxf5 Kg6 56. Ne7+ Kh5 57. Nd5 gxh4+ 58. Kh3 Kg6 59. Ne3 Kh5 60. Ng2 f5 61. Ne3 Kg6 62. Kxh4 h5 63. Nd5 Kh6 64. Ne7 Kg7 65. Nxf5+ 1-0

[Event "Oberliga Nord W 0506"]
[Site "Germany"]
[Date "2006.01.29"]
[Round "6.5"]
[White "Heinemann, Ernst"]
[Black "Bauer, Reinhard"]
[Result "1/2-1/2"]
[WhiteElo "2220"]
[BlackElo "2270"]
[PlyCount "54"]
[EventDate "2005.10.23"]
[EventType "team-tourn"]
[EventRounds "9"]
[EventCountry "GER"]
[SourceTitle "CBM 111 Extra"]
[Source "ChessBase"]
[SourceDate "2006.05.09"]
[SourceVersion "1"]
[SourceVersionDate "2006.05.09"]
[SourceQuality "1"]
[WhiteTeam "Oldenburg Union"]
[BlackTeam "Hameln"]
[WhiteTeamCountry "GER"]
[BlackTeamCountry "GER"]

1. e4 c6 2. d4 d5 3. e5 Bf5 4. Bd3 Bxd3 5. Qxd3 e6 6. Ne2 Qa5+ 7. Nbc3 Qa6 8. Qh3 Nd7 9. 0-0 c5 10. Re1 Ne7 11. dxc5 Nc6 12. Be3 Nxc5 13. Rad1 Rd8 14. Qg3 g6 15. Nd4 Nxd4 16. Rxd4 Be7 17. Bg5 h6 18. Bxe7 Kxe7 19. Qf4 Nd7 20. Ra4 Qb6 21. Rb4 Qc6 22. Nb5 g5 23. Qd2 a6 24. Nd4 Qc7 25. Nf3 Rc8 26. c3 Rhg8 27. Rg4 Nc5 1/2-1/2

[Event "Oberliga Nord W 0506"]
[Site "Germany"]
[Date "2005.12.11"]
[Round "4.5"]
[White "Valeinis, Janis"]
[Black "Bauer, Reinhard"]
[Result "1/2-1/2"]
[WhiteElo "2197"]
[BlackElo "2270"]
[PlyCount "127"]
[EventDate "2005.10.23"]
[EventType "team-tourn"]
[EventRounds "9"]
[EventCountry "GER"]
[SourceTitle "CBM 111 Extra"]
[Source "ChessBase"]
[SourceDate "2006.05.09"]
[SourceVersion "1"]
[SourceVersionDate "2006.05.09"]
[SourceQuality "1"]
[WhiteTeam "Goettingen"]
[BlackTeam "Hameln"]
[WhiteTeamCountry "GER"]
[BlackTeamCountry "GER"]

1. d4 d5 2. c4 e6 3. Nf3 Nf6 4. g3 Be7 5. Bg2 0-0 6. 0-0 b6 7. Nc3 Bb7 8. Ne5 c6 9. e4 dxc4 10. Nxc4 Ba6 11. b3 b5 12. Ne3 b4 13. Ne2 Bxe2 14. Qxe2 Qxd4 15. Bb2 Qb6 16. Rfd1 Nbd7 17. Nc4 Qb5 18. e5 Nd5 19. Qg4 Rfd8 20. Bf1 Nc3 21. Re1 Qb8 22. Bg2 Nd5 23. Be4 Nf8 24. Rac1 Qc7 25. Re2 Rac8 26. Rec2 Qd7 27. h4 c5 28. Bf3 f5 29. exf6 Nxf6 30. Qg5 Ne8 31. Qe3 Qd3 32. Qxd3 Rxd3 33. Ne5 Rd6 34. Be2 Nf6 35. Nd3 Rb6 36. Nf4 Kf7 37. Bc4 Rd8 38. Re2 Nd5 39. Nd3 a5 40. Ne5+ Kg8 41. Rd2 Rbd6 42. Rcd1 Nb6 43. Rxd6 Rxd6 44. Rxd6 Bxd6 45. Bb5 Nd5 46. Be8 Bxe5 47. Bxe5 Nb6 48. Bd6 Nfd7 49. Kf1 g6 50. g4 c4 51. Bxd7 Nxd7 52. bxc4 Nb6 53. c5 Nc4 54. Ke2 a4 55. Kd3 b3 56. axb3 axb3 57. f4 Kf7 58. Be5 b2 59. Kc2 Ne3+ 60. Kxb2 Nxg4 61. Bd4 Ke7 62. Kc3 Kd7 63. Kd3 Kc6 64. Kc4 1/2-1/2

[Event "Oberliga Nord W 0304"]
[Site "Germany"]
[Date "2004.03.07"]
[Round "7.1"]
[White "Bauer, Reinhard"]
[Black "Janusch, Gerd"]
[Result "1-0"]
[WhiteElo "2303"]
[BlackElo "2203"]
[PlyCount "105"]
[EventDate "2003.10.12"]
[EventType "team-tourn"]
[EventRounds "9"]
[EventCountry "GER"]
[SourceTitle "EXT 2005"]
[Source "ChessBase"]
[SourceDate "2004.11.15"]
[SourceVersion "1"]
[SourceVersionDate "2004.11.15"]
[SourceQuality "1"]
[WhiteTeam "Hameln"]
[BlackTeam "Bremen Nord"]
[WhiteTeamCountry "GER"]
[BlackTeamCountry "GER"]

1. d4 f5 2. Nc3 Nf6 3. Bg5 d5 4. Bxf6 exf6 5. e3 Bb4 6. Bd3 c5 7. Bb5+ Nc6 8. Nge2 c4 9. a3 Bxc3+ 10. Nxc3 0-0 11. Bxc6 bxc6 12. 0-0 Qa5 13. Qd2 Rb8 14. Rfb1 Rf7 15. b4 cxb3 16. cxb3 Ba6 17. Ne4 Qxd2 18. Nxd2 f4 19. Rc1 fxe3 20. fxe3 Rc8 21. Rc3 Re7 22. Rac1 Bb7 23. Kf2 Rce8 24. b4 f5 25. Nf3 Re4 26. g3 h6 27. h4 Kh7 28. Re1 R8e6 29. Ne5 g5 30. hxg5 hxg5 31. Rh1+ Rh6 32. Rxh6+ Kxh6 33. Nxc6 Bxc6 34. Rxc6+ Kh5 35. Rd6 f4 36. gxf4 gxf4 37. Rxd5+ Kg4 38. exf4 Kxf4 39. Rd7 a5 40. b5 Re6 41. a4 Ke4 42. Ke2 Rh6 43. Kd2 Rh3 44. b6 Rb3 45. b7 Kf5 46. Kc2 Rb4 47. Kd3 Ke6 48. Rh7 Kd5 49. Rh5+ Kc6 50. Rb5 Rxb5 51. axb5+ Kxb7 52. d5 Kc7 53. Kc4 1-0

[Event "Oberliga Nord W 0203"]
[Site "Germany"]
[Date "2003.01.12"]
[Round "4.1"]
[White "Jugelt, Tobias"]
[Black "Bauer, Reinhard"]
[Result "1-0"]
[WhiteElo "2431"]
[BlackElo "2320"]
[PlyCount "125"]
[EventDate "2002.10.20"]
[EventType "team"]
[EventRounds "9"]
[EventCountry "GER"]
[SourceTitle "EXT 2004"]
[Source "ChessBase"]
[SourceDate "2003.11.25"]
[SourceVersion "1"]
[SourceVersionDate "2003.11.25"]
[SourceQuality "1"]
[WhiteTeam "Delmenhorst"]
[BlackTeam "Hameln"]
[WhiteTeamCountry "GER"]
[BlackTeamCountry "GER"]

1. d4 d5 2. Bg5 Nf6 3. Nd2 e6 4. e3 Be7 5. Bd3 0-0 6. Ne2 b6 7. 0-0 Nbd7 8. c4 dxc4 9. Bxc4 Bb7 10. Nc3 Nd5 11. Bxe7 Qxe7 12. Qb3 Nxc3 13. bxc3 Nf6 14. a4 Qd6 15. Be2 Qd5 16. Qxd5 Nxd5 17. Bf3 Rab8 18. Bxd5 exd5 19. a5 Rfc8 20. Rfb1 Bc6 21. g4 f6 22. Kg2 Kf7 23. Kg3 Ke7 24. h4 Bd7 25. g5 Rf8 26. axb6 axb6 27. Ra7 Rfc8 28. Rb2 Ra8 29. Rba2 Rxa7 30. Rxa7 Kd6 31. gxf6 gxf6 32. e4 dxe4 33. Nxe4+ Ke7 34. Kf4 Be6 35. Nd2 Kd7 36. c4 Rf8 37. d5 Bf7 38. Ne4 Bg6 39. f3 Bxe4 40. fxe4 Kd6 41. c5+ bxc5 42. Ra6+ Kd7 43. Rc6 h5 44. Kf5 Rg8 45. Kxf6 Rf8+ 46. Kg5 Re8 47. Kf4 Rg8 48. Rxc5 Rg4+ 49. Ke5 Rxh4 50. Rc6 Rh1 51. Rh6 h4 52. Rh7+ Kc8 53. Ke6 h3 54. Rh8+ Kb7 55. Kd7 h2 56. Rh6 Kb8 57. Rh3 Kb7 58. Rb3+ Ka6 59. Rb2 c5 60. Kc6 Ka7 61. d6 c4 62. d7 c3 63. d8Q 1-0

[Event "Oberliga Nord W 0102"]
[Site "Germany"]
[Date "2002.03.17"]
[Round "7.1"]
[White "Levin, Felix"]
[Black "Bauer, Reinhard"]
[Result "1/2-1/2"]
[WhiteElo "2541"]
[BlackElo "2317"]
[PlyCount "146"]
[EventDate "2001.10.07"]
[EventType "team"]
[EventRounds "9"]
[EventCountry "GER"]
[SourceTitle "EXT 2003"]
[Source "ChessBase"]
[SourceDate "2002.11.25"]
[SourceVersion "1"]
[SourceVersionDate "2002.11.25"]
[SourceQuality "1"]
[WhiteTeam "Werder Bremen II"]
[BlackTeam "Hameln"]
[WhiteTeamCountry "GER"]
[BlackTeamCountry "GER"]

1. d4 Nf6 2. c4 e6 3. Nf3 d5 4. g3 c6 5. Nbd2 Be7 6. Bg2 0-0 7. 0-0 Nbd7 8. Qc2 b6 9. e4 dxe4 10. Nxe4 Nxe4 11. Qxe4 Bb7 12. Rd1 Rc8 13. Bf4 Qe8 14. Qc2 h6 15. a3 a5 16. Rab1 c5 17. d5 exd5 18. cxd5 Qd8 19. a4 Re8 20. Nd2 Bg5 21. Bxg5 hxg5 22. Qf5 Re5 23. Qd3 Rb8 24. Nc4 Ba6 25. b3 Nf6 26. d6 Bxc4 27. bxc4 Qd7 28. Rb5 Ree8 29. Qb1 Rf8 30. h3 g6 31. Qb2 Kg7 32. g4 Qd8 33. Qe5 Re8 34. Qxg5 Re6 35. Qd2 Kg8 36. g5 Ne4 37. Bxe4 Rxe4 38. d7 Rd4 39. Qc1 Qxd7 40. Rxd4 Qxd4 41. Rb3 Qd6 42. Rf3 Rd8 43. Kg2 Qe5 44. Qf4 Qxf4 45. Rxf4 Rd3 46. Rf6 Rb3 47. Kf1 Rb4 48. Ke2 Rxc4 49. Rxb6 Rxa4 50. Rb5 c4 51. Rb8+ Kg7 52. Rc8 Rb4 53. Ke3 Rb3+ 54. Ke4 c3 55. f4 a4 56. Kd3 c2+ 57. Kxc2 Rxh3 58. Ra8 a3 59. Kb1 Rf3 60. Ra4 Kf8 61. Rb4 Rf2 62. Ka1 f6 63. Ra4 fxg5 64. fxg5 Rf5 65. Ra8+ Ke7 66. Ra7+ Kd8 67. Ra8+ Kc7 68. Rxa3 Rxg5 69. Ra6 Kd7 70. Kb2 Ke7 71. Kc3 Kf7 72. Kd4 Rf5 73. Ke4 Kg7 1/2-1/2

[Event "Oberliga Nord W 9697"]
[Site "Germany"]
[Date "1997.03.02"]
[Round "7.1"]
[White "Bauer, Reinhard"]
[Black "Kopmann, Rene"]
[Result "1-0"]
[WhiteElo "2315"]
[BlackElo "2320"]
[PlyCount "98"]
[EventDate "1996.10.??"]
[EventType "team"]
[EventRounds "9"]
[EventCountry "GER"]
[SourceTitle "EXT 2003"]
[Source "ChessBase"]
[SourceDate "2002.11.25"]
[SourceVersion "1"]
[SourceVersionDate "2002.11.25"]
[SourceQuality "1"]
[WhiteTeam "Hameln"]
[BlackTeam "Hannover Post"]
[WhiteTeamCountry "GER"]
[BlackTeamCountry "GER"]

1. d4 Nf6 2. Nc3 d5 3. Bg5 e6 4. e4 dxe4 5. Nxe4 Nbd7 6. Nf3 Be7 7. Nxf6+ Bxf6 8. Qd2 0-0 9. 0-0-0 b6 10. h4 Bb7 11. Bb5 c6 12. Bd3 c5 13. Bb5 Nb8 14. Qf4 Qe7 15. dxc5 bxc5 16. Bxf6 Qxf6 17. Qxf6 gxf6 18. Rd6 a6 19. Ba4 a5 20. Rhd1 Bxf3 21. gxf3 Na6 22. c4 Rfc8 23. Bb5 Nc7 24. a4 Rab8 25. Kc2 f5 26. Rc6 Kg7 27. Rd7 Nxb5 28. cxb5 Rxc6 29. bxc6 Rc8 30. c7 e5 31. Kc3 Kf6 32. Rd6+ Ke7 33. Rc6 Kd7 34. Rxc5 Rxc7 35. Kc4 Rb7 36. Rb5 Rc7+ 37. Kd5 Rc2 38. Kxe5 Rxf2 39. f4 Rh2 40. Rxa5 Rxb2 41. Ra7+ Ke8 42. a5 h5 43. Kf6 Ra2 44. a6 Kd8 45. Kxf7 Kc8 46. Ra8+ Kc7 47. Kg6 Kb6 48. Kxf5 Ra5+ 49. Kg6 Ra4 1-0

[Event "Mittelfranken-ch U17"]
[Site "Germany"]
[Date "1997.??.??"]
[Round "7"]
[White "Braginsky, Alexej"]
[Black "Bauer, Reinhard"]
[Result "0-1"]
[WhiteElo "1710"]
[BlackElo "2315"]
[PlyCount "73"]
[EventDate "1997.??.??"]
[EventType "swiss"]
[EventRounds "7"]
[EventCountry "GER"]
[SourceTitle "EXT 2004"]
[Source "ChessBase"]
[SourceDate "2003.11.25"]
[SourceVersion "1"]
[SourceVersionDate "2003.11.25"]
[SourceQuality "1"]

1. e4 c6 2. d4 d5 3. Nd2 dxe4 4. Nxe4 Bf5 5. Ng3 Bg6 6. Nf3 e6 7. Bd3 Bxd3 8. Qxd3 Nf6 9. 0-0 Nbd7 10. Bf4 Be7 11. c4 0-0 12. Rfe1 Qb6 13. a3 a5 14. Nf5 exf5 15. Rxe7 Rfe8 16. Rae1 h6 17. b3 g5 18. Bd6 Rxe7 19. Rxe7 Re8 20. Rxe8+ Nxe8 21. Qxf5 Qxb3 22. h3 Ndf6 23. Be7 Kg7 24. Qc5 Nd7 25. Qxa5 Qxc4 26. Qa8 Qc1+ 27. Kh2 Qf4+ 28. Kh1 Ndf6 29. Qxb7 Qc1+ 30. Ng1 Ne4 31. Qb8 Nxf2+ 32. Kh2 Ne4 33. Ne2 Qe3 34. Qxe8 Kg6 35. Qg8+ Kh5 36. Qxf7+ Kh4 37. Qf3 0-1

[Event "Oberliga Nord W 9697"]
[Site "Germany"]
[Date "1996.11.17"]
[Round "2.1"]
[White "Joachim, Sven"]
[Black "Bauer, Reinhard"]
[Result "1-0"]
[WhiteElo "2405"]
[BlackElo "2315"]
[PlyCount "82"]
[EventDate "1996.10.??"]
[EventType "team"]
[EventRounds "9"]
[EventCountry "GER"]
[SourceTitle "EXT 2003"]
[Source "ChessBase"]
[SourceDate "2002.11.25"]
[SourceVersion "1"]
[SourceVersionDate "2002.11.25"]
[SourceQuality "1"]
[WhiteTeam "Braunschweig SF"]
[BlackTeam "Hameln"]
[WhiteTeamCountry "GER"]
[BlackTeamCountry "GER"]

1. e4 c6 2. d4 d5 3. exd5 cxd5 4. c4 Nf6 5. Nc3 e6 6. Nf3 Be7 7. cxd5 Nxd5 8. Bd3 Nxc3 9. bxc3 0-0 10. Qc2 h6 11. 0-0 Qc7 12. Re1 Nd7 13. c4 b6 14. Bb2 Bb7 15. d5 Nc5 16. Nd4 Rad8 17. Rad1 a6 18. dxe6 fxe6 19. Nxe6 Nxe6 20. Rxe6 Bc5 21. Rf1 Qf4 22. Rg6 Rd7 23. Rg3 Re7 24. Bc3 Ref7 25. Qb2 Qc7 26. Bd4 Qe7 27. Bxc5 Qxc5 28. h3 Qd6 29. Qc3 Kh8 30. Bc2 Rd8 31. Rd3 Qc7 32. Rxd8+ Qxd8 33. Qd3 Qxd3 34. Bxd3 g5 35. Rb1 Rf6 36. c5 b5 37. a4 Rc6 38. axb5 axb5 39. Rxb5 Ba6 40. Rb6 Rxb6 41. cxb6 Bb7 1-0

[Event "BL2-Nord 9596"]
[Site "Germany"]
[Date "1996.??.??"]
[Round "?.1"]
[White "Bagirov, Vladimir"]
[Black "Bauer, Reinhard"]
[Result "1/2-1/2"]
[WhiteElo "2530"]
[BlackElo "2315"]
[PlyCount "140"]
[EventDate "1995.10.??"]
[EventType "team-tourn"]
[EventRounds "9"]
[EventCountry "GER"]
[SourceTitle "GER-chT2"]
[Source "ChessBase"]
[SourceDate "1999.07.01"]
[SourceVersion "1"]
[SourceVersionDate "1999.07.01"]
[SourceQuality "1"]
[WhiteTeam "Zehlendorf"]
[BlackTeam "Hameln"]
[WhiteTeamCountry "GER"]
[BlackTeamCountry "GER"]

1. Nf3 d5 2. g3 Nf6 3. Bg2 g6 4. c4 c6 5. b3 Bg7 6. Bb2 0-0 7. 0-0 Re8 8. d3 Nbd7 9. Qc2 e5 10. cxd5 Nxd5 11. a3 Qe7 12. e4 Nc7 13. Nbd2 Ne6 14. Nc4 f6 15. b4 Nb6 16. Na5 Rd8 17. Rac1 Bh6 18. Rcd1 Rb8 19. d4 Nxd4 20. Nxd4 exd4 21. Bxd4 Bg4 22. Rd3 Rd7 23. h3 Be6 24. Bc5 Qf7 25. Rxd7 Qxd7 26. Rd1 Qf7 27. f4 f5 28. e5 Bf8 29. Bxf8 Qxf8 30. Qf2 Qf7 31. Qd4 Bd5 32. Bxd5 Qxd5 33. Qxd5+ Nxd5 34. b5 Nc3 35. Rd7 cxb5 36. Nxb7 Ne4 37. g4 Rf8 38. g5 Re8 39. Nd6 Nxd6 40. Rxd6 Re7 41. Rd8+ Kf7 42. Rb8 a6 43. Rb6 Re6 44. Rb8 Rc6 45. Rb7+ Ke6 46. Rxh7 Kd5 47. Rd7+ Ke4 48. Rd6 Rc3 49. Kf2 Kxf4 50. e6 Rc2+ 51. Kf1 Rc7 52. Rxa6 Kxg5 53. Rb6 Ra7 54. Kf2 Rxa3 55. e7 Ra8 56. h4+ Kh5 57. Kg3 Re8 58. Rb7 b4 59. Kf4 Kxh4 60. Ke5 b3 61. Kf6 b2 62. Rb4+ Kg3 63. Rb3+ Kg4 64. Rxb2 f4 65. Rg2+ Kh3 66. Rxg6 f3 67. Kf7 Rxe7+ 68. Kxe7 f2 69. Rf6 Kg2 70. Rxf2+ Kxf2 1/2-1/2

[Event "BL2-Nord 9596"]
[Site "Germany"]
[Date "1996.??.??"]
[Round "?.1"]
[White "Bauer, Reinhard"]
[Black "Slobodjan, Roman"]
[Result "1/2-1/2"]
[WhiteElo "2315"]
[BlackElo "2500"]
[PlyCount "135"]
[EventDate "1995.10.??"]
[EventType "team-tourn"]
[EventRounds "9"]
[EventCountry "GER"]
[SourceTitle "GER-chT2"]
[Source "ChessBase"]
[SourceDate "1999.07.01"]
[SourceVersion "1"]
[SourceVersionDate "1999.07.01"]
[SourceQuality "1"]
[WhiteTeam "Hameln"]
[BlackTeam "Magdeburg"]
[WhiteTeamCountry "GER"]
[BlackTeamCountry "GER"]

1. d4 Nf6 2. Nc3 g6 3. e4 d6 4. h3 Bg7 5. Nf3 0-0 6. Be2 a6 7. a4 b6 8. Be3 Bb7 9. d5 c6 10. 0-0 Nbd7 11. dxc6 Bxc6 12. Nd4 Bb7 13. f3 Qc7 14. Qd2 Rfd8 15. Rfd1 Ne5 16. Qe1 d5 17. f4 Nc4 18. Bxc4 dxc4 19. e5 Nd5 20. Nxd5 Bxd5 21. c3 f6 22. exf6 exf6 23. f5 Re8 24. Qf2 Qb7 25. Bd2 Be4 26. Re1 Qd7 27. fxg6 hxg6 28. Qh4 Qd5 29. Re2 Re7 30. Bh6 Bh8 31. Qg3 Rae8 32. Rae1 Kf7 33. Bf4 Bg7 34. Qf2 Qd7 35. Nf3 Bxf3 36. Rxe7+ Rxe7 37. Rxe7+ Kxe7 38. Qxf3 b5 39. axb5 axb5 40. Qe4+ Kf7 41. Be3 f5 42. Qf4 Ke6 43. Qf3 Bf6 44. Bf4 Kf7 45. Qe2 Qd5 46. Bg3 Bg5 47. Bf2 Bf6 48. Bg3 Bg7 49. Qe3 Qd1+ 50. Kh2 Qd7 51. Qc5 Bh6 52. Be5 Ke6 53. Bb8 Bc1 54. Qe5+ Kf7 55. Qh8 Qe8 56. Qh7+ Ke6 57. Qc7 Bxb2 58. Qe5+ Kf7 59. Qd5+ Qe6 60. Qb7+ Kg8 61. Qa8 Qe4 62. Qa5 Kf7 63. Bd6 Bc1 64. Qc7+ Ke6 65. Qe7+ Kd5 66. Qd8 Ke6 67. Qe7+ Kd5 68. Qd8 1/2-1/2